000 00954nas a2200301 4500
001 BR8706047
003 BR-BrBNA
005 20231205090834.0
007 ta
008 230509b bl.|||p| |||| 00| 00por d
040 _aBR-BrBNA
_bpor
_cBiblioteca Nacional de Agricultura
041 _a(Pt)
072 _aL74
100 1 _aBazotte, R.B.
100 1 _aLonardoni, M.T.C.
100 1 _aAlvarez, M.
100 1 _aGaeti, W.P.
100 1 _aAmado, C.A.B.
245 1 _aDeterminacao da dose letal media (DL50)do isosteviol em animais de laboratorio
246 1 _aDetermination of the lethal dose (LD50)for the lethal isosteviol in laboratory animals
650 _aSTEVIA
650 _aACUCARES
650 _aTOXIDEZ
650 _aANIMAL DE LABORATORIO
773 0 _tArquivos de Biologia e Tecnologia (Brazil)
_xISSN 0365-0979
_g(Oct 1986), v. 29(4) p. 711-722
_wBR8706047
909 _a202311
_bLúcia
_c55
_dLúcia Elande
942 _2AGRIS
_n0
_cANA
999 _c121166
_d121166